Highest % Women in Legislature Quiz Stats

 Plays Quiz not verified by Sporcle

Challenge
Share
Tweet
Embed
Score 0/25 Timer 05:00
0 Plays Today
Rank Nation % Correct
2Sweden
91.6%
22Germany
89.2%
6Finland
86.9%
16Spain
83.6%
9Denmark
81.8%
4Iceland
74.9%
8Netherlands
73.6%
15New Zealand
72.1%
7Argentina
68.9%
5South Africa
68.1%
12Belgium
66.8%
3Cuba
39.1%
13Andorra
36.5%
Rank Nation % Correct
20Ecuador
26.2%
19Belarus
22.3%
1Rwanda
22.2%
11Costa Rica
22.2%
10Angola
18.8%
18Nepal
16.2%
24United Republic of Tanzania
16.2%
23Uganda
14.7%
14Mozambique
14%
25Guyana
12.7%
21Burundi
11.5%
17Trinidad and Tobago
8.6%

You're not logged in!

Compare scores with friends on all Sporcle quizzes.
OR
Log In

You Might Also Like...

Show Comments

Extras

Top Quizzes Today


Score Distribution

Your Account Isn't Verified!

In order to create a playlist on Sporcle, you need to verify the email address you used during registration. Go to your Sporcle Settings to finish the process.

Report this User

Report this user for behavior that violates our Community Guidelines.

Details: